MALAYSIA'S TROPICAL RAINFORESTS - SPLENDOUR TO BEHOLD

Bibliographic Details
Other Authors: Abd. Latif Mohmod (Editor), Azian Mohti (Editor), Ismail Parlan , Dr (Editor), Samsudin Musa , Dr (Editor)
Format: Book
Published: Kepong, Selangor : Forest Research Institute Malaysia (FRIM) 2020
Series:FRIM SPECIAL PUBLICATION NO. 41
Subjects:

MARC

LEADER 00000cam a2200000 7i4500
001 0000306830
005 20230817130247.0
006 ### ###
007 t
008 s2020 my o g eng
020 |a 9789672149675 
040 |a MBPJ   |b eng   |c MBPJ   |e rda 
090 0 0 |a 577.3409595   |b MAL 
245 0 0 |a MALAYSIA'S TROPICAL RAINFORESTS - SPLENDOUR TO BEHOLD   |c Abs Latif Mohmod, Azian Mohti, Samsudin Musa & Ismail Parlan 
264 1 |a Kepong, Selangor :   |b Forest Research Institute Malaysia (FRIM)   |c 2020 
264 4 |c ©2020 
300 |a vi, 211 pages, 3 unnumbered pages :   |b colour photographs ;   |c 25 x 29 cm. 
336 |a still image  |2 rdacontent 
336 |a text  |2 rdacontent 
337 |a unmediated  |2 rdamedia 
338 |a volume  |2 rdacarrier 
490 1 |a FRIM SPECIAL PUBLICATION   |v NO. 41 
504 |a Includes bibliographical references and index 
650 1 0 |a Rain forests   |z Malaysia 
650 2 0 |a Forests and forestry   |z Malaysia 
650 2 0 |a Government publications   |z Malaysia 
650 2 0 |a Rain forest ecology   |z Malaysia 
700 0 |a Abd. Latif Mohmod ,   |e editor 
700 0 |a Azian Mohti ,   |e editor 
700 0 |a Ismail Parlan ,   |c Dr ,   |e editor 
700 0 |a Samsudin Musa ,   |c Dr ,   |e editor 
999 |a 00406390   |b BUKU   |c MALAYSIANA   |e PERPUSTAKAAN KOMUNITI PETALING JAYA